Every 21 Savage Album Name - Statistics

General Stats
  • This quiz has been taken 72 times
  • The average score is 7 of 11
Answer Stats
Year With Album % Correct
2024 - American Dream
96%
2022 Drake Her Loss
90%
2016 Metro Boomin Savage Mode
86%
2020 Metro Boomin Savage Mode II
86%
2018 - I am > I was
74%
2017 - Issa Album
72%
2017 Offset, Metro Boomin Without Warning
64%
2016 - The Slaughter Tape
48%
2016 - Slaughter King
36%
2018 Metro Boomin Not All Heroes wear Capes
28%
2016 - 21 Gang
16%
No matching quizzes found
Score Distribution
Percent of People with Each Score
Percentile by Number Answered
Your Score History
You have not taken this quiz